| 000 | 00469nam a22001817a 4500 | ||
|---|---|---|---|
| 999 |
_c20735 _d20735 |
||
| 003 | BDDh-ASL | ||
| 005 | 20231015025929.0 | ||
| 008 | 210113s1982 bg ||||| |||| 00| 0 eng d | ||
| 040 | _cBDDh-ASL | ||
| 082 |
_a297.12 _bMUA |
||
| 100 | 1 |
_92740 _aAbdulla, Muhammed M. R. |
|
| 245 | 1 | 0 | _aAl-Quran Rediscovered / |
| 260 |
_aDacca: _bMuhammed M. R. Abdulla, _c1982. |
||
| 300 |
_a80 p.: _c21 cm. |
||
| 650 | 0 |
_91652 _aIslam |
|
| 650 | 0 |
_91854 _aQuran |
|
| 942 |
_2ddc _cBK |
||